[Event "Groningen PCA"]
[Site "Groningen"]
[Date "1993.??.??"]
[Round "10"]
[White "Polgar, Zsuzsa"]
[Black "Ruban, Vadim"]
[Result "1/2-1/2"]
[WhiteElo "2545"]
[BlackElo "2590"]
[PlyCount "73"]
[EventDate "1993.12.??"]
[EventType "swiss"]
[EventRounds "11"]
[EventCountry "NED"]
[SourceTitle "CBM 039"]
[Source "ChessBase"]
[SourceDate "1994.04.01"]
[SourceVersion "1"]
[SourceVersionDate "1994.04.01"]
[SourceQuality "1"]

1. d4 Nf6 2. Nf3 d5 3. c4 e6 4. Nc3 c5 5. cxd5 cxd4 6. Qxd4 Nxd5 7. Bg5 f6 8. Nxd5 exd5 9. Bd2 Nc6 10. Qe3+ Kf7 11. g3 Qb6 12. Bg2 Bc5 13. Ng5+ Kf8 14. Qf4 Nd4 15. Rc1 Qb5 16. Bf1 h6 17. Qc7 hxg5 18. Rxc5 Qe8 19. Qd6+ Kg8 20. Qxd5+ Ne6 21. Bg2 Bd7 22. Qxb7 Rb8 23. Qd5 Rxb2 24. Rc1 g4 25. h4 Rh5 26. Qa8 Qxa8 27. Bxa8 Rxa2 28. Be3 Bb5 29. 0-0 Bxe2 30. Rc8+ Kf7 31. Rb1 Bb5 32. Rd1 Ba4 33. Rd6 Ke7 34. Ra6 Bb3 35. Rxa2 Bxa2 36. Bxa7 Bd5 37. Be3 1/2-1/2

[Event "Novosibirsk"]
[Site "Novosibirsk"]
[Date "1993.??.??"]
[Round "4"]
[White "Psakhis, Lev"]
[Black "Ruban, Vadim"]
[Result "1-0"]
[WhiteElo "2575"]
[BlackElo "2595"]
[PlyCount "77"]
[EventDate "1993.06.??"]
[EventType "tourn"]
[EventRounds "11"]
[EventCountry "RUS"]
[EventCategory "14"]
[SourceTitle "CBM 036"]
[Source "ChessBase"]
[SourceDate "1993.10.01"]
[SourceVersion "1"]
[SourceVersionDate "1993.10.01"]
[SourceQuality "1"]

1. d4 Nf6 2. c4 e6 3. Nc3 d5 4. cxd5 exd5 5. Bg5 Be7 6. e3 Nbd7 7. Bd3 0-0 8. Nf3 Re8 9. 0-0 c6 10. Qc2 Nf8 11. h3 Nh5 12. Bxe7 Qxe7 13. Rab1 a5 14. a3 g6 15. Na4 Nd7 16. b4 axb4 17. axb4 b5 18. Nc5 Nxc5 19. dxc5 Ng7 20. Ra1 Bf5 21. Nd4 Bxd3 22. Qxd3 Qf6 23. Qc3 Ra4 24. Rxa4 bxa4 25. Qc2 Ra8 26. Ra1 a3 27. Qb3 Nf5 28. Nc2 d4 29. Rxa3 Rxa3 30. Qxa3 dxe3 31. Nxe3 Nd4 32. Ng4 Qe6 33. Qa8+ Kg7 34. Qa1 Qc4 35. Ne3 Qd3 36. b5 cxb5 37. c6 f6 38. c7 Ne2+ 39. Kh1 1-0

[Event "Antwerp op"]
[Site "Antwerp"]
[Date "1993.??.??"]
[Round "9"]
[White "Ruban, Vadim"]
[Black "Giddins, Stephen"]
[Result "1-0"]
[WhiteElo "2590"]
[BlackElo "2280"]
[PlyCount "54"]
[EventDate "1993.08.??"]
[EventType "swiss"]
[EventRounds "9"]
[EventCountry "BEL"]
[SourceTitle "EXT 1997"]
[Source "ChessBase"]
[SourceDate "1996.11.15"]
[SourceVersion "1"]
[SourceVersionDate "1996.11.15"]
[SourceQuality "1"]

1. d4 e6 2. c4 Nf6 3. Nf3 b6 4. g3 Bb7 5. Bg2 Be7 6. Nc3 0-0 7. Qc2 c5 8. d5 exd5 9. Nh4 g6 10. cxd5 d6 11. 0-0 Qd7 12. e4 b5 13. f4 b4 14. Nd1 Na6 15. Ne3 Nc7 16. b3 Nb5 17. Bb2 Qd8 18. Rad1 Nd7 19. Nf3 Nc3 20. Bxc3 bxc3 21. Qxc3 Bf6 22. e5 Bg7 23. Nc4 Nb6 24. Qc1 dxe5 25. fxe5 Nxd5 26. Ng5 Rb8 27. Nd6 Bxe5 1-0

[Event "Groningen PCA"]
[Site "Groningen"]
[Date "1993.??.??"]
[Round "4"]
[White "Ruban, Vadim"]
[Black "Gurevich, Mikhail"]
[Result "1/2-1/2"]
[WhiteElo "2590"]
[BlackElo "2605"]
[PlyCount "101"]
[EventDate "1993.12.??"]
[EventType "swiss"]
[EventRounds "11"]
[EventCountry "NED"]
[SourceTitle "CBM 039"]
[Source "ChessBase"]
[SourceDate "1994.04.01"]
[SourceVersion "1"]
[SourceVersionDate "1994.04.01"]
[SourceQuality "1"]

1. d4 f5 2. g3 Nf6 3. Bg2 g6 4. Nf3 Bg7 5. 0-0 0-0 6. b3 d6 7. Bb2 Ng4 8. c4 Nd7 9. Nc3 e5 10. dxe5 dxe5 11. e4 c6 12. Ba3 Re8 13. Qc2 Qf6 14. Rad1 Bf8 15. Bxf8 Nxf8 16. c5 Be6 17. exf5 gxf5 18. h3 Nh6 19. Ne2 Nf7 20. Nd2 Rad8 21. Qc3 Kg7 22. Nc4 Bxc4 23. Qxc4 Ne6 24. f4 h5 25. fxe5 Qxe5 26. Nf4 Nxf4 27. gxf4 Qe3+ 28. Kh1 Rxd1 29. Rxd1 Rd8 30. Rg1 Rd4 31. Qc2 Kf6 32. Qb2 Nd8 33. b4 Ne6 34. b5 cxb5 35. Qxb5 Nxf4 36. Qxb7 Ne2 37. Rb1 Rc4 38. Qa6+ Qe6 39. Qxa7 Kg5 40. c6 Qe5 41. Qb6 Rd4 42. Qb3 Kh4 43. a4 Ng3+ 44. Kg1 Ne2+ 45. Kh1 Ng3+ 46. Kg1 Rd2 47. Qf3 Ne2+ 48. Kh1 Ng3+ 49. Kg1 Ne2+ 50. Kh1 Ng3+ 51. Kg1 1/2-1/2

[Event "Groningen PCA"]
[Site "Groningen"]
[Date "1993.??.??"]
[Round "9"]
[White "Ruban, Vadim"]
[Black "Nijboer, Friso"]
[Result "0-1"]
[WhiteElo "2590"]
[BlackElo "2555"]
[PlyCount "122"]
[EventDate "1993.12.??"]
[EventType "swiss"]
[EventRounds "11"]
[EventCountry "NED"]
[SourceTitle "CBM 039"]
[Source "ChessBase"]
[SourceDate "1994.04.01"]
[SourceVersion "1"]
[SourceVersionDate "1994.04.01"]
[SourceQuality "1"]

1. d4 Nf6 2. c4 g6 3. Nc3 Bg7 4. e4 d6 5. Nf3 0-0 6. Be2 e5 7. 0-0 Nc6 8. d5 Ne7 9. Nd2 a5 10. a3 Bd7 11. b3 c6 12. Bb2 Qb6 13. Rc1 c5 14. Rb1 Ne8 15. b4 axb4 16. axb4 Qxb4 17. Nb5 Qa5 18. Ra1 Qd8 19. Rxa8 Qxa8 20. Qb3 f5 21. Ra1 Qb8 22. exf5 gxf5 23. Nb1 Ng6 24. N1c3 e4 25. Na4 Bxb2 26. Qxb2 Qd8 27. Nbc3 Bxa4 28. Rxa4 Qf6 29. Ra7 Rf7 30. Nd1 Nf4 31. Qxf6 Nxf6 32. Bf1 Nd3 33. Nc3 Ng4 34. f3 Ne3 35. Be2 Nc1 36. Bf1 exf3 37. gxf3 Nxf1 38. Kxf1 Nd3 39. Nb5 Rd7 40. Ra8+ Kg7 41. Re8 Nb2 42. Na3 Kf7 43. Re6 Rd8 44. Re2 Ra8 45. Rxb2 Rxa3 46. Rxb7+ Kf6 47. Rxh7 Rxf3+ 48. Ke2 Rc3 49. Rh6+ Ke5 50. Re6+ Kd4 51. Rxd6 Rxc4 52. Rd8 Rc2+ 53. Kf3 Rxh2 54. d6 Kd5 55. d7 Rh7 56. Kf4 Rf7 57. Kg5 Kd6 58. Rc8 Rxd7 59. Kxf5 Kd5 60. Kf4 Kd4 61. Kf3 Re7 0-1